000 00575 a2200169 4500
999 _c4355
_d4355
010 _aENG-86165
020 _a8173871957
_c1250.00
035 _aEN-69698
037 _bDBAD / PUB
082 1 4 _a736.4
100 1 _aHanda, O. C.
245 1 _aWoodcarving in the Himalayan region /
_cby O. C. Handa
260 _aNew Delhi
_bIndus Publishing
_c2006
270 _aFS-5, Tagore Garden
_bNew Delhi
_e110027
_k011-42133022, 011-42133622
_mindus@indus-publishing.com
300 _a240 p.
_c22cm. (Hb.)
_b19 sketches and 122 plates
942 _adpl
_cEN
_2ddc
_h736.4
_mHAN